| 000 | 00350nam a2200121Ia 4500 | ||
|---|---|---|---|
| 008 | 170224s9999 xx 000 0 und d | ||
| 245 | 2 | _aA closer look at the hedonics of everyday meaning and satisfaction. | |
| 260 | _bJournal of Personality and Social Psychology | ||
| 260 | _c2016 | ||
| 300 | _a111:4 | ||
| 500 | _aOctober | ||
| 650 | _xPsychology. | ||
| 999 |
_c316335 _d316335 |
||